书目信息 |
| 题名: |
书海思问录
|
|
| 作者: | 何春华, 著 | |
| 分册: | ||
| 出版信息: | 北京 中华书局 2019 |
|
| 页数: | 357页, [8] 页图版 | |
| 开本: | 23cm | |
| 丛书名: | ||
| 单 册: | ||
| 中图分类: | G239.276.53 | |
| 科图分类: | ||
| 主题词: | 出版工作--chu ban gong zuo--深圳市--文集 | |
| 电子资源: | ||
| ISBN: | 978-7-101-13635-7 | |
| 000 | 00917nam0 2200241 450 | |
| 001 | 2131060504 | |
| 005 | 20211029202829.0 | |
| 010 | @a978-7-101-13635-7@b精装@dCNY78.00 | |
| 100 | @a20190424d2019 em y0chiy50 ea | |
| 101 | 0 | @achi |
| 102 | @aCN@b110000 | |
| 105 | @aafhka 000yy | |
| 106 | @ar | |
| 200 | 1 | @a书海思问录@Ashu hai si wen lu@f何春华著 |
| 210 | @a北京@c中华书局@d2019 | |
| 215 | @a357页, [8] 页图版@c图 (部分彩图), 摹真@d23cm | |
| 320 | @a有书目 | |
| 330 | @a本书中所收的二十多篇文章、演讲和调研报告, 内容涉及出版发行业新常态发展、新书城业态模式、全民阅读、阅读与城市文化、书业物流发展战略研究、书店改革创新发展、职业道德与修养等诸多方面, 具有很强的现实针对性, 可为业界提供宝贵借鉴。 | |
| 606 | 0 | @a出版工作@Achu ban gong zuo@y深圳市@j文集 |
| 690 | @aG239.276.53@v4 | |
| 701 | 0 | @a何春华,@Ahe chun hua ,@f1966-@4著 |
| 801 | 0 | @aCN@b百万庄@c20211029 |
| 905 | @b1313643-46@dG239.276.53@e126@f4 | |
| 书海思问录/何春华著.-北京:中华书局,2019 |
| 357页, [8] 页图版:图 (部分彩图), 摹真;23cm |
| ISBN 978-7-101-13635-7(精装):CNY78.00 |
| 本书中所收的二十多篇文章、演讲和调研报告, 内容涉及出版发行业新常态发展、新书城业态模式、全民阅读、阅读与城市文化、书业物流发展战略研究、书店改革创新发展、职业道德与修养等诸多方面, 具有很强的现实针对性, 可为业界提供宝贵借鉴。 |
| ● |
| 相关链接 |
|
|
|
|
正题名:书海思问录
索取号:G239.276.53/126
 
预约/预借
| 序号 | 登录号 | 条形码 | 馆藏地/架位号 | 状态 | 备注 |
| 1 | 1313643 | 213136435 | 第一样本阅览室/ [索取号:G239.276.53/126] | 在馆 | |
| 2 | 1313644 | 213136444 | 第四借阅区/ [索取号:G239.276.53/126] | 在馆 | |
| 3 | 1313645 | 213136453 | 第四借阅区/ [索取号:G239.276.53/126] | 在馆 | |
| 4 | 1313646 | 213136462 | 第四借阅区/ [索取号:G239.276.53/126] | 在馆 |